| 000 | 00636nam a22002057a 4500 | ||
|---|---|---|---|
| 999 |
_c190808 _d190808 |
||
| 005 | 20220805114423.0 | ||
| 010 | _aENG-134298 | ||
| 020 |
_a9788181714596 _c3400.00 |
||
| 035 | _aEN-117830 | ||
| 037 | _bDBAD/PUB | ||
| 082 | _a593.609165 | ||
| 100 | _aFernando, S. Antony | ||
| 245 |
_aGorgonians of Indian Seas/ _cS. Antony Fernando, K. Venkataraman and C. Raghunathan |
||
| 260 |
_aKolkata _bZoological Survey of India _c2017 |
||
| 270 |
_aM-Block, New Alipore _bKolkata _e700053 |
||
| 300 |
_a330p. _c24cm(hb) |
||
| 700 | _aVenkataraman, K. | ||
| 700 | _aRaghunathan, C. | ||
| 942 |
_2ddc _cEN _h593.609165 _mFER |
||